000 00649nam a2200205Ia 4500
003 OSt
005 20260427153607.0
008 210210b1979 xxu||||| |||| 00| 0 eng d
040 _cAL
041 _aKannada
082 _a294.53K CHAP
100 _aCHAKRAKODI ISHVARA SHASTI.
_dಚಕ್ರಕೋಡಿ ಈಶ್ವರ ಶಾಸ್ತಿ
_9262910
245 _aPanchayatana puja krama grahadevata puja.
_bಪಂಚಾಯತನ ಪೂಜೆ ಕ್ರಮ ಗ್ರಹದೇವತಾ ಪೂಜೆ.
260 _aPanja
_b-
_c1979
300 _a18
650 _aWorship
_9262911
690 _aHinduism
_9262912
906 _a042214
942 _2ddc
_cBK
999 _c92251
_d92251